Calculo con geometría analítica

Furkejuvvon:
Bibliográfalaš dieđut
Váldodahkkit: Larson, Ron (autor), Hostetler (Dahkki), Edwards, Bruce H (Dahkki)
Materiálatiipa: Girji
Giella:espánnjágiella
Almmustuhtton: Ciudad de México McGraw Hill 2006
Preanttus:8a. ed
Fáttát:
Fáddágilkorat: Lasit fáddágilkoriid
Eai fáddágilkorat, Lasit vuosttaš fáddágilkora!

MARC

LEADER 00000nam a2200000 a 4500
001 UCI7780
003 CL-VaPUC
008 080725e20060000MX |||||||||||||||||spa|d
020 |a 9701052749 
082 0 4 |a 515  |b LAR  |2 21 
100 |a Larson, Ron  |e autor  |9 589670 
700 0 |a Hostetler  |e author  |9 531059 
700 0 |a Edwards, Bruce H  |e author  |9 531060 
245 1 0 |a Calculo con geometría analítica 
250 |a 8a. ed 
300 |a 2 v 
942 |c BK 
945 |d 20080725 00:00:00  |a rbrito 
260 |a Ciudad de México  |b McGraw Hill  |c 2006 
650 0 |a Cálculo  |9 260234 
650 0 |a Geometría analítica   |9 260062 
650 0 |a Funciones   |9 263869 
650 0 |a Derivadas  |9 354237 
650 0 |a Integrales   |9 260233 
650 0 |a Ecuaciones diferenciales  |9 260083 
650 7 |a SERIES  |2 CL-VaPUC  |9 325542 
583 |a last modification  |c 20080725 00:00:00  |k Rodrigo Vera 
999 |c 330927  |d 330925 
952 |0 0  |1 0  |2 ddc  |4 0  |6 515_000000000000000_LAR_2006  |7 0  |8 A  |9 416869  |a BIBING  |b BIBING  |d 2019-11-22  |h v.1  |i 4459903  |l 1  |o 515 LAR 2006  |p 4459903  |r 2025-01-20  |s 2022-09-13  |w 2019-11-22  |y BK  |k EIE 
952 |0 0  |1 0  |2 ddc  |4 0  |6 515_000000000000000_LAR_2006  |7 0  |8 A  |9 416870  |a BIBING  |b BIBING  |c RES  |d 2019-11-22  |h v.1  |i 4459911  |l 6  |o 515 LAR 2006  |p 4459911  |r 2025-01-20  |s 2023-03-27  |w 2019-11-22  |y BK  |k EIE 
952 |0 0  |1 0  |2 ddc  |4 0  |6 515_000000000000000_LAR_2006  |7 0  |8 A  |9 416871  |a BIBING  |b BIBING  |c RES  |d 2019-11-22  |h v.2  |i 445992K  |l 9  |o 515 LAR 2006  |p 445992K  |r 2025-01-20  |s 2023-11-07  |w 2019-11-22  |y BK  |k EIE 
952 |0 0  |1 0  |2 ddc  |4 0  |6 515_000000000000000_LAR_2006  |7 0  |8 A  |9 416872  |a BIBING  |b BIBING  |c RES  |d 2019-11-22  |h v.2  |i 4459938  |l 7  |m 3  |o 515 LAR 2006  |p 4459938  |r 2025-01-20  |s 2024-04-05  |w 2019-11-22  |y BK  |k EIE